000 00250nam a22001097a 4500
003 SGT
082 _a362.11, KUN
100 _aKUNDERS G D.
245 _aHOSPITALS FACILITIES PLANNING AND MANAGEMENT
260 _aNEW DELHI
_bTMH
_c2004
942 _2ddc
_cCD
999 _c10863
_d10863